|
|
|
|
| LEADER |
00000cam a2200000 7i4500 |
| 001 |
0000047377 |
| 005 |
20220105103847.0 |
| 008 |
150513 |
| 020 |
|
|
|a 9789830341385
|
| 020 |
|
|
|a 9830341380
|
| 090 |
0 |
0 |
|a EL
|b MAL
|
| 100 |
1 |
|
|a Ishak Haji Gedong
|
| 245 |
1 |
0 |
|a Nama bandar Batu Pahat
|c Ishak B. Hj. Gedong
|
| 260 |
|
|
|a Kuala Lumpur :
|b Penerbitan Hartamas ,
|c 2001
|
| 300 |
|
|
|a [s.n.] :
|b col.ill.
|
| 490 |
1 |
|
|a Siri bacaan pengkayaan
|
| 500 |
|
|
|a Children age 4-6 years old (yellow)
|
| 650 |
|
0 |
|a Children's stories,English
|
| 999 |
|
|
|a 0000921826
|b Book
|c Children Collection
|e Cawangan Bukit Gambir
|
| 999 |
|
|
|a 0000921827
|b Book
|c Children Collection
|e Cawangan Bukit Gambir
|
| 999 |
|
|
|a 0000921828
|b Book
|c Children Collection
|e Cawangan Bukit Gambir
|
| 999 |
|
|
|a 0000929717
|b Book
|c Children Collection
|e Cawangan Bukit Gambir
|
| 999 |
|
|
|a 0000929719
|b Book
|c Children Collection
|e Cawangan Tangkak
|